Normal view
MARC view
- Boothroyd, G.
Entry Personal Name
001 - CONTROL NUMBER
- control field: 86622
003 - CONTROL NUMBER IDENTIFIER
- control field: NUST
005 - DATE AND TIME OF LATEST TRANSACTION
- control field: 20211214155147.0
008 - FIXED-LENGTH DATA ELEMENTS
- fixed length control field: 211214|| aca||aabn | a|a d
040 ## - CATALOGING SOURCE
- Original cataloging agency: NUST
- Transcribing agency: NUST
100 ## - HEADING--PERSONAL NAME
- Personal name: Boothroyd, G.
- Fuller form of name: (Geoffrey),
- Dates associated with a name: 1932-
670 ## - SOURCE DATA FOUND
- Source citation: Work cat.: (NUST)32560: Boothroyd, G. (Geoffrey), 1932-, Product design for manufacture and assembly /, c2011.
